Využitie platobných prostriedkov na elimináciu vzniku rizikových pohľadávok

Realizácia obchodných transakcií prináša so sebou množstvo rizík na strane predávajúceho aj kupujúceho. Pri eliminácii rizika majú veľký význam dobré a kvalitné informácie. Vyššie riziko v medzinárodnom obchode a jeho dôvody. Predpokladom úspešného podnikania je uzatváranie dobrých kúpno-predajných...

Descrizione completa

Salvato in:
Dettagli Bibliografici
Autore principale: Jančíková, Eva, 1960-
Natura: Capitolo di libro
Lingua:slovacco
Soggetti:
Tags: Aggiungi Tag
Nessun Tag, puoi essere il primo ad aggiungerne!!

MARC

LEADER 00000naa$a2200000$$$4500
001 0109110
005 20240502072215.1
041 0 |a slo 
044 |a SK 
245 1 0 |a Využitie platobných prostriedkov na elimináciu vzniku rizikových pohľadávok  |c Eva Jančíková 
520 |a Realizácia obchodných transakcií prináša so sebou množstvo rizík na strane predávajúceho aj kupujúceho. Pri eliminácii rizika majú veľký význam dobré a kvalitné informácie. Vyššie riziko v medzinárodnom obchode a jeho dôvody. Predpokladom úspešného podnikania je uzatváranie dobrých kúpno-predajných zmlúv, ktoré obsahujú všetky potrebné náležitosti, týkajúce sa povinností zmluvných strán pri zabezpečovaní obchodnej transakcie. Platobná podmienka - jedna z najdôležitejšícj náležitostí každej kúpnej zmluvy. Spôsob úhrady. 
610 2 0 |a obchod 
610 2 0 |a obchod medzinárodný 
610 2 0 |a pohľadávky 
610 2 0 |a riziko obchodné 
610 2 0 |a zmluvy kúpne 
610 2 0 |a podmienky platobné 
610 2 0 |a platby obchodné 
610 2 0 |a prostriedky platobné 
100 1 |a Jančíková, Eva, 1960-